| 000 | 01931cam a22004694i 4500 | ||
|---|---|---|---|
| 003 | PE-LiUPU | ||
| 005 | 20250731184603.0 | ||
| 008 | 150616s1966 pe a r 000 0 d | ||
| 020 | _a8449948126 | ||
| 035 | _a(Sirsi) i9788449948121 | ||
| 040 |
_aPE-LiUPU _bspa _cPE-LiUPU _erda |
||
| 049 | _aPRUA | ||
| 082 | 0 | 4 |
_a985 _bV297h _223 |
| 100 | 1 |
_aVargas Ugarte, Rubén, _d1886-1975, _eautor. |
|
| 245 | 1 | 0 |
_aHistoria general del Perú : _bVirreinato (1689-1776) / _cRubén Vargas Ugarte. |
| 250 | _atercera edición | ||
| 264 | 1 |
_aLima : _bMilla Batres, _c1981. |
|
| 300 |
_a369 páginas : _bilustraciones ; _c25 centímetros. |
||
| 336 |
_atext _2rdacontent |
||
| 337 |
_aunmediated _2rdamedia |
||
| 338 |
_avolume _2rdacarrier |
||
| 505 | 0 | _aDilatado gobierno del Conde de la Monclova -- Los frustrados virreyes del Perú -- Comercio francés en el mar del Sur -- Virreinato de Castell dos Rius -- Inestabilidad de virreyes -- Los virreyes Morcillo y marqués de Castellfuerte -- Las alteraciones del Paraguay -- Alzamiento indígena en Cochabamba -- Gobierno del Marqués de Villagarcía -- Virreinato de Manso de Velasco -- Superunda y la reconstrucción de Lima -- Virreinato de D. Manuel de Amat -- Expulsión de los jesuitas del Perú -- Juicio de residencia del Virrey Amat. | |
| 526 | _aP136 | ||
| 526 | _aP135 | ||
| 526 | _aP134 | ||
| 526 | _aP133 | ||
| 526 | _aP144 | ||
| 526 | _aP143 | ||
| 526 | _aP87 | ||
| 526 | _aP35 | ||
| 526 | _aP20 | ||
| 526 | _aP14 | ||
| 526 | _aP10 | ||
| 526 | _aP06 | ||
| 651 | 1 | 4 |
_aPerú _xHistoria _yColonia, 1689-1776. _92271 |
| 910 | _ajck | ||
| 942 |
_2ddc _cBK _n0 |
||
| 949 |
_a985 V297h 4 _wDEWEY _c1 _i23904 _lCCODEBUL1 _mBUL _r0 _sY _tBOOK _u2015-4-23 _xEDUCACION _0COMPRA _o.STAFF. Colección General |
||
| 980 |
_81 _gALBERTO SANCHEZ Responsable de Automatización |
||
| 999 |
_c56406 _d56406 |
||